Movie by Hints Quiz Stats

 Plays Quiz Updated Jan 31, 2012

Support Sporcle.
Go Orange.
Score 0/20 Timer 05:00
0 Plays Today
Hints Movie % Correct
Teaparty, Cards, CatAlice in Wonderland
81.1%
Umbrella, Chimney Sweep, Chalk DrawingsMary Poppins
77.3%
Poppies, Tornado, LionThe Wizard of Oz
75.5%
Chocolate, Vietnam, Leg BracesForrest Gump
72.3%
Slugworth, Gobstopper, Golden GooseWilly Wonka and the Chocolate Factory
67.6%
Soap, Mayhem, InsomniaFight Club
54.7%
Typewriter, Hotel, AxeThe Shining
54.2%
Red Ryder, Bunny Suit, OvaltineA Christmas Story
50.4%
Cowboy, Astronaut, SlinkyToy Story
50%
Roses, Videocamera, Plastic BagAmerican Beauty
48.6%
Hints Movie % Correct
White Rabbit, Sentinel, ZionThe Matrix
45.6%
Wheelchair, Neighbor, MurderRear Window
39.8%
Albino, ROUS, 6 FingersThe Princess Bride
32.4%
Severed Ear, Diamonds, SuitsReservoir Dogs
30.3%
Las Vegas, Samoan, MescalineFear and Loathing in Las Vegas
28.6%
Cellar Door, Frank, Sparkle MotionDonnie Darko
27.9%
Beethoven, Moloko, DroogsA Clockwork Orange
25.4%
Headcheese, Meat Hook, HitchhikerThe Texas Chainsaw Massacre
17.1%
Marv, Goldie, Old TownSin City
14.5%
Shoe Polish, Milk Maid, Quik StopClerks
14.1%

You're not logged in!

Compare scores with friends on all Sporcle quizzes.
OR
Log In

From the Vault

NFL Last 3 1st Round RBs by Team

by cdhmiamifan13

After playing this quiz it seems like it might be a better idea NOT to take a running back in the first round.
Remove Ads.
Support Sporcle.
Get the best of Sporcle when you Go Orange. This ad-free experience offers more features, more stats, and more fun while also helping to support Sporcle. Thank you for becoming a member.

Show Comments

Extras

Top Quizzes Today


Score Distribution

Your Account Isn't Verified!

In order to create a playlist on Sporcle, you need to verify the email address you used during registration. Go to your Sporcle Settings to finish the process.

Report this User

Report this user for behavior that violates our Community Guidelines.

Details: